000 00699nas a2200229 4500
001 BR9603448
003 BR-BrBNA
005 20231205094825.0
007 ta
008 230509b bl.|||p| |||| 00| 00por d
040 _aBR-BrBNA
_bpor
_cBiblioteca Nacional de Agricultura
041 _a(Pt)
072 _aL73
100 1 _aTrentini, E.F.
245 1 _aInfeccoes urinarias: um inimigo presente em grau maior do que se possa imaginar, de grande repercussao economica negativa
650 _aSUÍNO
650 _aInfeccao
650 _aUrina
773 0 _tRevista Batavo (Brazil)
_x
_g(Jan 1992), v. 1(3) p. 17-19
_wBR9603448
909 _a202311
_bLúcia
_c55
_dLúcia Elande
942 _2AGRIS
_n0
_cANA
999 _c147090
_d147090